Statystyki dla Rejestracje woj.Dolnośląskiego

Kliknij tutaj aby rozwiązać quiz!

Ogólne statystyki

  • Ten quiz został rozwiązany 46 razy
  • Średni wynik to 20 z 30

Statystyki odpowiedzi

HintOdpowiedź% Poprawnych
DWRWrocław
100%
DWWrocław
100%
DJJelenia Góra
89%
DJEJelenia Góra
89%
DLULubin
89%
DLLegnica
86%
DLELegnica
86%
DZGZgorzelec
74%
DKLKłodzko
69%
DOLOleśnica
69%
DPLPolkowice
69%
DSWŚwidnica
69%
DBAWałbrzych
69%
DBWałbrzych
69%
DBLBolesławiec
66%
DDZDzierżoniów
66%
DKAKamienna Góra
63%
DTRTrzebnica
63%
DGLGłogów
60%
DOAOława
60%
DLWLwówek Śląski
57%
DSRŚroda Śląska
57%
DJAJawor
54%
DMIMilicz
54%
DSTStrzelin
54%
DZLZłotoryja
54%
DGRGóra
49%
DWLWołów
46%
DZAZąbkowice Śląskie
46%
DLBLubań
43%

Rozkład punktacji

Percentyl według liczby udzielonych odpowiedzi

Procent ludzi z każdym wynikiem

Twoja historia wyników

Nie rozwiązałeś tego quizu